000 01247namaa2200313 i 4500
003 EG-GICUC
005 20260401141658.0
008 260401s1978 ua ||||jr|||| 000 0 ara d
017 _a1978 / 4781
_bدار الكتب والوثائق القومية (مصر)
040 _aEG-GiCUC
_bara
_cEG-GiCUC
_dEG-GiCUC
_erda
082 0 4 _221
_a243
_bM2148
092 0 4 _221
_a243
_bM2148
099 _a243 M2148
100 1 _aمحفوظ، على
_d-1942
_eمؤلف.
245 1 2 _aالابداع فى مضار الابتداع /
_cللمغفور له صاحب الفضيلة الاستاذ الكبير الشيخ على محفوظ
264 _a[القاهرة] (مصر) :
_bدار الاعتصام،
_c1978
300 _a460 صفحة ؛
_c24 سم
336 _2rdacontent
_atext
337 _2rdamedia
_aUnmediated
338 _2rdacarrier
_avolume
504 _aيشتمل على ارجاعات ببليوجرافية .
541 _aد. / جابر عصفور ؛
_bالقاهرة ؛
_cإهداء ؛
_d2024.
650 1 7 _aالبدع فى الاسلام
_2qrmak
650 1 7 _aالفقه الاسلامى
_xمذاهب
_2qrmak
650 1 7 _aالتقليد (فقه اسلامى)
_2qrmak
651 1 _2qrmak
905 _aAmira
942 _2ddc
_cBK
_e21
_n0
999 _c179125
_d179125